Kiosk : Eine Geschichte der Fotoreportage : 1839-1973 = Kiosk : A History of Photojournalism : 1839-1973 /
Historia del fotoperiodismo, desde su nacimiento en 1839, cuando comenzaron a aparecer ilustraciones en los periódicos, que más tarde darían paso a las fotografías. El texto está acompañado, evidentemente, de abundante obra gráfica; incluye muchas imágenes que ya se han convertido en emblemas de la...
Salvato in:
| Autore principale: | |
|---|---|
| Altri autori: | |
| Natura: | Libro |
| Lingua: | German |
| Pubblicazione: |
Colonia, Alemania :
Steidl,
2001, c2001
|
| Soggetti: | |
| Tags: |
Nessun Tag, puoi essere il primo ad aggiungerne!!
|
MARC
| LEADER | 00000nam^a2200000^a^4500 | ||
|---|---|---|---|
| 001 | 000154330 | ||
| 005 | 20250521000000.0 | ||
| 009 | 20260310100351.024 | ||
| 020 | |a 3-88243-791-X | ||
| 037 | |a Acervo ITESO - Biblioteca | ||
| 041 | |a ALE | ||
| 082 | |a 778. 9 |b LEB | ||
| 100 | |a Lebeck, Robert |e (idea original) | ||
| 245 | 1 | 0 | |a Kiosk : |b Eine Geschichte der Fotoreportage : 1839-1973 = Kiosk : A History of Photojournalism : 1839-1973 / |c Idea original de R. Lebeck ; ed. de B. von Dewitz. |
| 264 | 4 | |a Colonia, Alemania : |b Steidl, |c 2001, c2001 | |
| 300 | |a 325 p. | ||
| 336 | |a texto |b txt |2 rdacontenido | ||
| 337 | |a sin mediación |b n |2 rdamedio | ||
| 338 | |a volumen |b nc |2 rdasoporte | ||
| 520 | |a Historia del fotoperiodismo, desde su nacimiento en 1839, cuando comenzaron a aparecer ilustraciones en los periódicos, que más tarde darían paso a las fotografías. El texto está acompañado, evidentemente, de abundante obra gráfica; incluye muchas imágenes que ya se han convertido en emblemas de la historia mundial, como las de los campos de concentración, la llegada a la luna o las hambrunas en diferentes partes del planeta. | ||
| 546 | |a Edición bilingüe alemán-inglés | ||
| 649 | |a XX | ||
| 650 | |a Fotoperiodismo - |x Historia y Crítica | ||
| 650 | |a Fotoperiodismo - |y Siglo XX | ||
| 650 | |a Fotoperiodismo - |y Siglo XX | ||
| 650 | |a Periodismo Gráfico | ||
| 650 | |a Géneros Periodísticos | ||
| 650 | |a Periodismo | ||
| 650 | |a Medios Impresos | ||
| 650 | |a Medios de Comunicación | ||
| 650 | |a Comunicación Masiva | ||
| 650 | |a Comunicación Visual | ||
| 650 | |a Arte - |x Historia y Crítica | ||
| 650 | |a Arte - |y Siglo XIX | ||
| 650 | |a Arte - |y Siglo XX | ||
| 650 | |a Historia Moderna - |y Siglo XIX | ||
| 650 | |a Historia Moderna - |y Siglo XX | ||
| 650 | |a Historia Universal | ||
| 700 | |a Dewitz, Bodo von |e (edición) | ||
| 910 | |a Fondo General | ||
| 920 | |a Impresos - Libros | ||
| 930 | |a Reserva Especial | ||
| 905 | |a 103 | ||
| 901 | |a 0500086427 |b IT1 |c REE |u 20250521 | ||
| 902 | |a https://opac.biblio.iteso.mx/vufind/Record/000154330 | ||